| 000 | 01745cad a22002535a 4500 | ||
|---|---|---|---|
| 001 | L139595 | ||
| 008 | 070731s2007 xxk f f000 0 eng d | ||
| 035 | _a(Sirsi) u139595 | ||
| 041 | 0 | _aeng | |
| 050 | 0 | 4 | _a333.72 $2 18 |
| 110 | 1 |
_aUnited Kingdom _bDepartment for Business, Enterprise and Regulatory Reform _95262 |
|
| 245 | 0 | 0 |
_aDraft strategy for sustainable construction _ba consultation paper _h[electronic resource] |
| 260 |
_aLondon _bBERR _c2007 |
||
| 520 | _aInvites feedback on a draft government and industry sustainable construction strategy. The strategy outlines a vision for a sustainable construction industry, and key areas include: reducing the carbon footprint of construction activities; producing zero net waste at construction site level; developing client/industry agreements and initiatives to reduce the carbon footprint and use of resources within the built environment; and improving skills and training to create a safer industry. Mechanisms for achieving the strategy?s vision include: more effective use of government?s procurement power; greater use of sustainable materials; and recognising the importance of design quality. Consultation closes 30 November 2007. | ||
| 590 | _aKA | ||
| 651 | 4 |
_aUnited Kingdom _y |
|
| 690 | _aBUILT ENVIRONMENT-SUSTAINABLE CONSTRUCTION | ||
| 710 | 1 |
_aStrategic Forum for Construction _94358 |
|
| 710 | 1 |
_aUnited Kingdom _bDepartment for Communities and Local Government _94939 |
|
| 710 | 1 |
_aUnited Kingdom _bDepartment for Environment, Food and Rural Affairs |
|
| 710 | 1 |
_aUnited Kingdom _bDepartment for Culture, Media and Sport |
|
| 856 | 4 | 0 |
_uhttps://www.berr.gov.uk/consultations/page40642.html _zView the consultation free of charge at www.berr.gov.uk... |
| 942 | _n0 | ||
| 999 |
_c107316 _d107316 |
||